00813nas a2200253Ia 4500001001100000003000900011008004100020040001300061040001300074041001300087100004800100210000900148222000900157245006900166250001100235260003600246501008600282300001900368362003400387500005400421650003600475700001900511700002900530R004/B2255IT-RoPAU151124c99999999xx |||||||||||| ||und|| aIT-RoPAU cIT-RoPAU aITALIANO aFiecconi FedericogCodice Aut. SPICS: 20756 aCIAK aCiak aCIAK SI GIRA, ANNO 08-N.10 (OTTOBRE 1992)bVola, Fantasia, Vola! a1a ed. aMILANObBERLUSCONI SILVIOc1992 bPaulus - SPICS - Società San Paolo EM (non-commercial uses only)cCopyright2015 a8 p. [102-109] aANNO 008, N.10 (OTTOBRE 1992) aAnteprima di la Bella e la Bestia di Walt Disney. aCINEMAvPUBBLICAZIONE PERIODICA aRaffaelli Luca gCodice Aut. SPICS: 31530